[Event "11. OSEM SH 2017"]
[Site "Büsum"]
[Date "2017.09.14"]
[Round "7.28"]
[White "Niebling, Ferdinand"]
[Black "Meinke, Dietlind"]
[Result "1/2-1/2"]
[BlackElo "1906"]
[BlackTeam "MTV Leck"]
[WhiteElo "2059"]
[WhiteTeam "SC Frankfurt-West"]

1. d4 d5 2. c4 e6 3. Nc3 Nf6 4. Nf3 c6 5. e3 Nbd7 6. Qc2 Bb4 7. Bd3 dxc4 8. Bxc4
c5 9. O-O  cxd4 10. exd4 O-O  11. Bg5 Bxc3 12. bxc3 Qc7 13. Bd3 b6 14.
Rac1 Bb7 15. Qe2 Rac8 16. c4 Qd6 17. Rfd1 Rfe8 18. Bh4 h6 19. Ne5 Qf8 20. Bc2
Nxe5 21. dxe5 Nh7 22. Rd7 Bc6 23. Rxa7 g5 24. Qd3 Qg7 25. Bg3 Red8 26. Qxh7+
Qxh7 27. Bxh7+ Kxh7 28. Rxf7+ Kg8 29. Rf6 Bd5 30. h4 Rxc4 31. Rxc4 Bxc4 32.
hxg5 hxg5 33. Rg6+ Kf7 34. Rxg5 Bxa2 35. Rg4 Rd1+ 36. Kh2 b5 37. Rb4 Bc4 38.
Bf4 Kg6  1/2-1/2

[Event "11. OSEM SH 2017"]
[Site "Büsum"]
[Date "2017.09.14"]
[Round "7.29"]
[White "Mikolajewski, Armin"]
[Black "Jürgens, Peter"]
[Result "1-0"]
[BlackElo "1893"]
[BlackTeam "SC Tempo Göttingen"]
[WhiteElo "2047"]
[WhiteTeam "Naumburger SV"]

1. d4 Nf6 2. c4 e6 3. Nf3 b6 4. Nc3 Bb7 5. e3 d5 6. Be2 Bd6 7. O-O  O-O 
8. h3 Nbd7 9. Nb5 Be7 10. Bd2 a6 11. Nc3 c5 12. Rc1 Qb8 13. cxd5 Nxd5 14. Bd3
N7f6 15. Re1 cxd4 16. Nxd4 Nb4 17. Bb1 Qd6 18. a3 Nc6 19. Ne4 Nxe4 20. Bxe4 Na5
21. Bb4 Qd7 22. Bxb7 Qxb7 23. Bxe7 Qxe7 24. b4 Nb7 25. Nc6 Qe8 26. Qd4 b5 27.
Red1 Nd8 28. Na5 f6 29. Rc7 Rf7 30. Rdc1 Rxc7 31. Rxc7 Nf7 32. Qc5 Qd8 33. Nc6
Qd1+ 34. Kh2 Qd6+ 35. g3 Kf8 36. Nd4 Kg8 37. Qxd6 Nxd6 38. Nxe6 g6 39. Rg7+ Kh8
40. Rd7 Nc4 41. Rd3 Kg8 42. Kg2 Ra7 43. Nc5 a5 44. Ne4 axb4 45. axb4 Kg7 46.
Rd5 Na3 47. h4 Rb7 48. Nd6 Rb8 49. Rc5 Rb6 50. Ne8+ Kf7 51. Nc7 Rb7 52. Kf3 Ke7
53. Nd5+ Ke6 54. e4 Rb8 55. Rc6+  1-0

[Event "11. OSEM SH 2017"]
[Site "Büsum"]
[Date "2017.09.14"]
[Round "7.30"]
[White "Van Dongen, Rob"]
[Black "Villing, Dieter"]
[Result "0-1"]
[BlackElo "2040"]
[BlackTeam "SK Ludwigshafen"]
[WhiteElo "1907"]
[WhiteTeam "VAS Amsterdam"]

1. d4 d6 2. Nf3 Bg4 3. e3 Nd7 4. h3 Bh5 5. Be2 Ngf6 6. b3 e5 7. dxe5 dxe5 8. O-O
 e4 9. Nd4 Bg6 10. Bb2 a6 11. c4 Bd6 12. Nc3 Qe7 13. Qd2 O-O  14. f4
exf3 15. Nxf3 Rfe8 16. Rae1 Qxe3+ 17. Qxe3 Rxe3 18. Bd1 Rae8 19. Rxe3 Rxe3 20.
Re1 Rxe1+ 21. Nxe1 Ne5 22. Bc2 Bxc2 23. Nxc2 ( 23. Ne2 Nd3 24. Nxc2  Nxb2
)23... Nd3 24. Nd1 Nxb2 25. Nxb2 Ne4 26. Nd1 f5 27. Kf1 Kf7 28. Ke2 Kf6 29. Kf3
Ng5+ 30. Ke2 f4 31. Nf2 Ne6 32. Ne4+ Ke5 33. Nxd6 cxd6 34. Nb4 Nd4+ 35. Kd3 f3
36. gxf3 Nxf3 37. Ke3 Ng5 38. Nd3+ Kf5 39. Nf2 Ne6 40. b4 g5 41. a4 h5 42. Ne4
Ke5 43. Ng3 Nf4 44. a5 h4 45. Ne4 Nxh3 46. c5 dxc5 47. Nxc5 Nf4 48. Kf3 Kf5 49.
Nxb7 g4+  0-1

[Event "11. OSEM SH 2017"]
[Site "Büsum"]
[Date "2017.09.14"]
[Round "7.31"]
[White "Erhart, Uwe"]
[Black "Josting, Friedel"]
[Result "1/2-1/2"]
[BlackElo "1884"]
[BlackTeam "SG Bünde"]
[WhiteElo "2035"]
[WhiteTeam "Raisdorfer SG"]

1. d4 Nf6 2. c4 e6 3. Nc3 d5 4. e3 c6 5. Nf3 Be7 6. Bd3 Nbd7 7. O-O  O-O
 8. Qc2 Re8 9. b3 a6 10. Bb2 b5 11. c5 g6 12. b4 a5 13. a3 Qc7 14. Ne2 Bf8
15. Bc3 a4 16. Ng3 Bg7 17. Rfe1 Ng4 18. h3 Ngf6 19. Rad1 Bb7 20. Bb2 Rad8 21.
Rc1 Ba6  1/2-1/2

[Event "11. OSEM SH 2017"]
[Site "Büsum"]
[Date "2017.09.14"]
[Round "7.32"]
[White "Limberg, Siegfried"]
[Black "Scholz, Herbert, Dr."]
[Result "1-0"]
[BlackElo "1873"]
[BlackTeam "PSV Neustadt"]
[WhiteElo "2019"]
[WhiteTeam "SF Taunus"]

1. d4 d5 2. Nf3 c5 3. e3 Nc6 4. c3 cxd4 5. exd4 Bg4 6. Be2 Qc7 7. Nbd2 e6 8. O-O
 Nf6 9. Ne5 Nxe5 10. dxe5 Bxe2 11. Qxe2 Nd7 12. Nf3 Be7 13. Re1 O-O 
14. Bf4 Rac8 15. Rad1 a6 16. Nd4 Rfe8 17. Rd3 b5 18. Rh3 Nf8 19. Qh5 Bc5 20.
Nf3 Be7 21. Ng5 Bxg5 22. Bxg5 f6 23. exf6 g6 24. Qh6 Qf7 25. Rhe3 Nd7 26. Rxe6
Nxf6 27. Bxf6 Rxe6 28. Rxe6 b4 29. Qe3 bxc3 30. bxc3 Rb8 31. h3 Rb1+ 32. Kh2
Qc7+ 33. f4 g5 34. Re8+  1-0

[Event "11. OSEM SH 2017"]
[Site "Büsum"]
[Date "2017.09.14"]
[Round "7.33"]
[White "Reinhold, Klaus, Dr."]
[Black "Blosze, Winfried"]
[Result "1/2-1/2"]
[BlackElo "1871"]
[BlackTeam "SV Großauheim"]
[WhiteElo "2008"]
[WhiteTeam "SC Gronau"]

1. d4 Nf6 2. c4 g6 3. Nc3 d5 4. Nf3 Bg7 5. Qb3 c6 6. cxd5 Nxd5 7. e4 Nb6 8. e5
Be6 9. Qc2 N8d7 10. Ng5 Bf5 11. Qb3 e6 12. Nce4 Bxe4 13. Nxe4 Bf8 14. Bg5 Qc7
15. Nf6+ Nxf6 16. Bxf6 Rg8 17. O-O-O Be7 18. Bxe7 Qxe7 19. g3 O-O-O 20. Bg2 Rd7
21. Rd3 Rgd8  1/2-1/2

[Event "11. OSEM SH 2017"]
[Site "Büsum"]
[Date "2017.09.14"]
[Round "7.34"]
[White "Görtz, Hans"]
[Black "Strohbusch, Frank, Dr."]
[Result "1/2-1/2"]
[BlackElo "1860"]
[BlackTeam "SK Freising"]
[WhiteElo "1998"]
[WhiteTeam "DJK Wacker Bergeborbeck"]

1. Nf3 f5 2. g3 Nf6 3. Bg2 g6 4. d4 d6 5. c4 Bg7 6. Nc3 O-O  7. Bg5 c6 8.
O-O  Qc7 9. Rc1 e5 10. dxe5 dxe5 11. Qc2 Be6 12. b3 Na6 13. a3 Nc5 14. b4
Nce4 15. Bxf6 Nxf6 16. Na4 Rad8 17. Ng5 Bc8 18. Nc5 Rfe8 19. Rcd1 Rxd1 20. Rxd1
e4 21. e3 b6 22. Nb3 c5 23. Bf1 Ng4 24. Nh3 Ne5 25. Nf4 g5 26. Nd5 Nf3+ 27. Kg2
Qf7 28. Nd2 Qh5 29. Nxf3 exf3+ 30. Kh1 Qf7 31. Bd3 Be5 32. Rg1 Kh8 33. Qd1 
1/2-1/2

[Event "11. OSEM SH 2017"]
[Site "Büsum"]
[Date "2017.09.14"]
[Round "7.35"]
[White "Fritsch, Jürgen, Dr."]
[Black "Bondick, Karl-Heinz"]
[Result "1/2-1/2"]
[BlackElo "1991"]
[BlackTeam "USC Magdeburg"]
[WhiteElo "1831"]
[WhiteTeam "HSK LTu"]

1. e4 d5 2. exd5 c6 3. d4 cxd5 4. Nf3 Nf6 5. Bd3 Nc6 6. O-O  Bg4 7. c3 e6 8.
Bf4 Bd6 9. Bg3 O-O  10. Nbd2 Rc8  1/2-1/2

[Event "11. OSEM SH 2017"]
[Site "Büsum"]
[Date "2017.09.14"]
[Round "7.36"]
[White "Quiring, Nikolai"]
[Black "Potschka, Dieter"]
[Result "1-0"]
[BlackElo "1829"]
[BlackTeam "VfL Geesthacht"]
[WhiteElo "1990"]
[WhiteTeam "SV Rendsburg"]

1. d4 e6 2. c4 Nf6 3. Nc3 Be7 4. e4 d5 5. f3 c6 6. e5 Nfd7 7. cxd5 cxd5 8. Nh3
a6 9. Bd3 Qb6 10. Bc2 Nc6 11. Ne2 Bb4+ 12. Kf1 Be7 13. a3 Nf8 14. g3 Bd7 15.
Kg2 Rc8 16. b4 Ng6 17. Rb1 Qc7 18. Rb2 b5 19. Be3 Qb6 20. Qd3 a5 21. Rhb1 axb4
22. axb4 Ra8 23. Nhf4 Rc8 24. Nh5 Rg8 25. f4 Qd8 26. g4 Nh4+ 27. Kh1 g6 28.
Nhg3 f5 29. exf6 Bxf6 30. Bf2 Qc7 31. Bd1 Kf7 32. Nf1 Qd6 33. g5 Bxg5 34. fxg5
Nf5 35. Bg3 Qe7 36. Bf4 h6 37. gxh6 Qh4 38. Qf3 g5 39. Bg3 Qxh6 40. Ne3 Ne7 41.
Ng4 Qh7 42. Ne5+ Ke8 43. Ra1 Rf8 44. Qd3 Nc6 45. Nxc6 Bxc6 46. Bc2 Qh3 47. Ng1
Qg4 48. Re1 Bd7 49. Be5 Qh4 50. Rbb1 g4 51. Bg3 Nxg3+ 52. Qxg3 Qxg3 53. Bg6+
Ke7 54. hxg3 Rh8+ 55. Kg2 Kf6 56. Bd3 Rc3 57. Red1 Ra8 58. Ne2 Ra2 59. Kf1 Rca3
60. Nf4 Kg5 61. Re1 Rh2 62. Kg1 Rd2 63. Re3 Kh6 64. Kf1 Rh2 65. Kg1 Rd2 66.
Rbe1 Rb3 67. Bf1 Rxb4 68. Nxe6 Rbb2 69. Nc5 Bf5 70. R1e2 Kg6 71. Ne6 Rxe2 72.
Nf4+ Kf7 73. Bxe2 Rd2 74. Bd3 Bxd3 75. Rxd3  1-0

[Event "11. OSEM SH 2017"]
[Site "Büsum"]
[Date "2017.09.14"]
[Round "7.37"]
[White "Ehlert, Horst"]
[Black "Reinke, Kurt"]
[Result "1-0"]
[BlackElo "1793"]
[BlackTeam "SG Benrath"]
[WhiteElo "1965"]
[WhiteTeam "SV Laatzen"]

1. Nf3 d5 2. d4 c6 3. e3 Nf6 4. Bd3 Bg4 5. O-O  e6 6. Nbd2 Bd6 7. e4 dxe4 8.
Nxe4 Nxe4 9. Bxe4 Nd7 10. c4 Nf6 11. Bd3 Qc7 12. h3 h5 13. Re1 O-O-O 14. hxg4
Bh2+ 15. Nxh2 hxg4 16. g3 Rxd4 17. Be3 Rd7 18. Qe2 Qd8 19. Rad1 Rh3 20. Qf1 Qh8
21. Qg2 Qh5 22. Bf1 Qa5 23. Rxd7 Qxe1 24. Rxf7  1-0

[Event "11. OSEM SH 2017"]
[Site "Büsum"]
[Date "2017.09.14"]
[Round "7.38"]
[White "Chmielewski, Axel"]
[Black "Zimmermann, Manfred"]
[Result "0-1"]
[BlackElo "1949"]
[BlackTeam "Kieler SG"]
[WhiteElo "1860"]
[WhiteTeam "Volksdorfer SK"]

1. d4 Nf6 2. c4 e6 3. Nf3 d5 4. g3 c6 5. Bg2 Nbd7 6. O-O  b6 7. cxd5 exd5 8.
Nc3 Bd6 9. Nd2 Bb7 10. e4 dxe4 11. Ndxe4 Be7 12. Re1 O-O  13. Bf4 Nxe4 14.
Nxe4 Nf6 15. Rc1 Nd5 16. Bd2 Qd7 17. Nc3 Nf6 18. Be3 Rfe8 19. a3 b5 20. b4 a5
21. Qb3 axb4 22. axb4 Qd6 23. Rb1 Qd7 24. Red1 Nd5 25. Nxd5 cxd5 26. Ra1 Ra4
27. Rxa4 bxa4 28. Qb2 Ba6 29. Bf1 Bxf1 30. Kxf1 Qb5+ 31. Kg2 Qxb4 32. Qxb4 Bxb4
33. Rb1 Bf8 34. Ra1 a3 35. Bc1 Ra8 36. Kf3 f6 37. Ke2 g6 38. Kd3 Bb4 39. Bd2
Bd6 40. f4 h5 41. h3 f5 42. Kc2 Ra4 43. Be3 Kf7 44. Ra2 Ke6 45. Kb1 Rb4+ 46.
Ka1 Rb3 47. Re2 Kd7 48. Ka2 Rd3 49. Bf2 Kc6 50. Ka1 Kb5 51. Ka2 Bb4 52. g4 hxg4
53. hxg4 fxg4 54. Be1 Bxe1 55. Rxe1 Ka4 56. Re6 Rd2+ 57. Ka1 Rxd4 58. Ra6+ Kb4
59. Rxg6 Rxf4  0-1

[Event "11. OSEM SH 2017"]
[Site "Büsum"]
[Date "2017.09.14"]
[Round "7.39"]
[White "Berenstein, Alexander"]
[Black "Zechel, Rolf-Rüdiger"]
[Result "0-1"]
[BlackElo "1694"]
[BlackTeam "SK Kaltenkirchen"]
[WhiteElo "1968"]
[WhiteTeam "SV Rendsburg"]

1. e4 c5 2. Nc3 Nc6 3. Bc4 g6 4. d3 Bg7 5. Nge2 Nf6 6. O-O  O-O  7. h3
e6 8. Bg5 a6 9. a4 d6 10. Qd2 b6 11. f3 Bb7 12. Qf4 Nh5 13. Qh4 Nf6 14. f4 h6
15. Bxh6 Bxh6 16. Qxh6 d5 17. Ba2 dxe4 18. dxe4  Nd4 19. f5 exf5 20. Qxg6+ 
0-1

[Event "11. OSEM SH 2017"]
[Site "Büsum"]
[Date "2017.09.14"]
[Round "7.40"]
[White "Schumacher, Helmut"]
[Black "Rüberg, Jobst"]
[Result "0-1"]
[BlackElo "2130"]
[BlackTeam "SV Ahlen"]
[WhiteElo "1890"]
[WhiteTeam "DJK Aufwärts Aachen"]

1. d4 g6 2. e4 Bg7 3. Nc3 d6 4. Nge2 Nd7 5. g3 Ngf6 6. Bg2 e5 7. h3 O-O  8.
Be3 exd4 9. Bxd4 c6 10. a4 Qc7 11. O-O  b6 12. f4 Bb7 13. Qd2 Rad8 14. Rad1
a6 15. Bf2 Nb8 16. a5 bxa5 17. Na4 c5 18. Nec3 Bc6 19. b3 Bb5 20. Rfe1 Nc6 21.
Nd5 Nxd5 22. exd5 Ne7 23. c4 Bxa4 24. bxa4 Rb8 25. Re4 Rb4 26. Qe2 Nf5 27. g4
Nd4 28. Qa2 Qd7 29. Ra1 Rfb8 30. Rc1 Rb2 31. Qa1 Ne2+ 32. Rxe2 Rxe2 33. Qa3
Rbb2 34. Rf1 Bd4 35. Qg3 Rxf2 36. Rxf2 Bxf2+  0-1

[Event "11. OSEM SH 2017"]
[Site "Büsum"]
[Date "2017.09.14"]
[Round "7.41"]
[White "Duijker, Bert"]
[Black "Armbrüster, Jürgen"]
[Result "1/2-1/2"]
[BlackElo "1961"]
[BlackTeam "SF Katernberg"]
[WhiteElo "1868"]
[WhiteTeam "ASV Arnhem"]

1. Nf3 d5 2. d4 Nf6 3. c4 g6 4. cxd5 Nxd5 5. g3 Bg7 6. Bg2 O-O  7. O-O 
e6 8. e4 Nb6 9. b3 c5 10. Bb2 Nc6 11. a4 Nxd4 12. Ra2 e5 13. a5 Nd7 14. Nc3 Nb8
15. Nxd4 cxd4 16. Nd5 Nc6 17. Qd2 Be6 18. a6 b6 19. Rc1 Rc8 20. Ba3 Re8 21.
Rac2 Bd7 22. Bf1 Bf8 23. Bxf8 Kxf8  1/2-1/2

[Event "11. OSEM SH 2017"]
[Site "Büsum"]
[Date "2017.09.14"]
[Round "7.42"]
[White "Mewes, Hans-Dieter"]
[Black "Wittkugel, Friedhelm"]
[Result "0-1"]
[BlackElo "1941"]
[BlackTeam "SV Kamen"]
[WhiteElo "1845"]
[WhiteTeam "VHS Heide"]

1. c4 b6 2. Nc3 e5 3. d3 Bb7 4. Nf3 d6 5. g3 Nc6 6. e3 f5 7. Bg2 Nf6 8. O-O 
Be7 9. Re1 O-O  10. h3 Qd7 11. Kh2 Rab8 12. Ng1 Kh8 13. f4 Nd8 14. Bxb7
Nxb7 15. Qf3 c6 16. e4 Nc5 17. b4 fxe4 18. dxe4 Ne6 19. f5 Nd4 20. Qg2 d5 21.
exd5 cxd5 22. Rb1 dxc4 23. g4 Bd6 24. Ne4 Nxe4 25. Qxe4 Qb7 26. a3 Qxe4 27.
Rxe4 Rbc8 28. Kg2 c3 29. Ne2 Rc4 30. Be3 Nc2 31. Kf3 Rxe4 32. Kxe4 Nxa3 33. Rb3
Nb5 34. Nxc3 Nxc3+ 35. Rxc3 Rc8 36. b5 Kg8 37. Rc6 Rd8 38. g5 Kf7 39. Bc1 Bb8
40. g6+ hxg6 41. fxg6+ Ke8 42. Bb2 Kd7 43. Rc2 Rf8 44. Bxe5 Bxe5 45. Kxe5 Rf6
46. Rf2 Rf3 47. Ra2 Re3+ 48. Kd4 Rxh3 49. Rxa7+ Ke6 50. Rxg7 Rh4+ 51. Kc3 Rh3+ 
0-1

[Event "11. OSEM SH 2017"]
[Site "Büsum"]
[Date "2017.09.14"]
[Round "7.43"]
[White "Kienel, Norbert"]
[Black "Thieme, Wolfgang"]
[Result "0-1"]
[BlackElo "1939"]
[BlackTeam "SC Bayer Uerdingen"]
[WhiteElo "1837"]
[WhiteTeam "SV Osnabrück"]

1. d4 Nf6 2. c4 g6 3. Nc3 d5 4. e3 Bg7 5. Nf3 O-O  6. h3 c5 7. Be2 cxd4 8.
Nxd4 dxc4 9. Bxc4 Qc7 10. Qb3 a6 11. a4 Nbd7 12. O-O  Nb6 13. Be2 e5 14.
Nf3 Be6 15. Qb4 Rfd8 16. e4 Rac8 17. Be3 Nc4 18. Bxc4 Bxc4 19. Bb6 Qd6 20. Qxd6
Rxd6 21. a5 Bxf1 22. Rxf1 Nd7 23. Nd5 Nxb6 24. Nxb6 Rc2 25. b4 Rdc6 26. Nd5 Kf8
27. Rd1 Rc1 28. Rxc1 Rxc1+ 29. Kh2 Rc4 30. Nd2 Rd4 31. Nb3 Rxe4 32. Nc5 Rd4 33.
Nd7+ Ke8 34. N7b6 e4 35. g3 h5 36. Kg2 Bf8 37. Kf1 Bxb4 38. Ke2 Bxa5 39. Ke3
Bxb6 40. Nxb6 Rd6 41. Nc4 Ke7 42. Kxe4 b5  0-1

[Event "11. OSEM SH 2017"]
[Site "Büsum"]
[Date "2017.09.14"]
[Round "7.44"]
[White "Baerthel, Klaus"]
[Black "Wulf, Adalbert"]
[Result "1/2-1/2"]
[BlackElo "1823"]
[BlackTeam "SV Ennigerloh-Oelde"]
[WhiteElo "1938"]
[WhiteTeam "Naumburger SV"]

1. e4 d6 2. d4 Nf6 3. Bd3 c5 4. c3 e5 5. Ne2 Qb6 6. O-O  Be7 7. Nd2 Be6 8.
d5 Bd7 9. Kh1 Qc7 10. f4 b5 11. Nf3 c4 12. Bc2 Bg4 13. Qe1 Bxf3  1/2-1/2

[Event "11. OSEM SH 2017"]
[Site "Büsum"]
[Date "2017.09.14"]
[Round "7.45"]
[White "Pantel, Heinrich"]
[Black "Schirmer, Werner"]
[Result "1/2-1/2"]
[BlackElo "1931"]
[BlackTeam "Hamburger SK"]
[WhiteElo "1834"]
[WhiteTeam "SK Kaltenkirchen"]

1. Nf3 Nf6 2. d4 g6 3. c4 Bg7 4. Nc3 d6 5. e4 O-O  6. Be2 Bg4 7. O-O 
Nfd7 8. h3 Bxf3 9. Bxf3 Nc6 10. Be3 e5 11. d5 Nd4 12. Bxd4 exd4 13. Nb5 Ne5 14.
Be2 d3 15. Bxd3 Nxd3 16. Qxd3 Bxb2 17. Rab1 Bg7 18. Rb3 Re8 19. Rfb1 a6 20. Nd4
Qf6 21. Rd1 Rab8 22. a4 Qf4 23. Qe3 Qh4 24. f3 Be5 25. Qf2 Qf4 26. g3 Qxg3+ 27.
Qxg3 Bxg3 28. Rdb1 b6 29. a5 Rbc8 30. axb6 cxb6 31. Nc6 Bf4 32. Kf2 f5 33. Rxb6
fxe4 34. Rxa6 exf3 35. Kxf3 Bg5 36. Rb3 Rf8+ 37. Kg4 h6 38. Rf3 Rxf3 39. Kxf3
Rf8+ 40. Kg2 Rf4 41. Ra4 Re4  1/2-1/2

[Event "11. OSEM SH 2017"]
[Site "Büsum"]
[Date "2017.09.14"]
[Round "7.46"]
[White "Schwertel, Johann"]
[Black "Auterhoff, Jürgen"]
[Result "1/2-1/2"]
[WhiteElo "1930"]
[BlackElo "1815"]
[PlyCount "66"]
[EventDate "2017.??.??"]
[WhiteTeam "SV Koblenz"]
[BlackTeam "SC Pasing"]

1. d4 Nf6 2. Nf3 e6 3. Bg5 h6 4. Bh4 d5 5. c3 Be7 6. Nbd2 b6 7. e3 Bb7 8. Bd3
Nbd7 9. Qe2 O-O 10. O-O c5 11. Rac1 Ne4 12. Bg3 Ndf6 13. Ne5 Nxg3 14. fxg3 Ne4
15. Rcd1 f5 16. Ng6 Rf6 17. Ne5 c4 18. Bc2 Qe8 19. g4 Bd6 20. gxf5 exf5 21.
Ndf3 Qh5 22. Rde1 Bxe5 23. dxe5 Re6 24. Qd1 Bc6 25. Re2 Rf8 26. Nd4 Rg6 27.
Nxc6 Rxc6 28. Qxd5+ Kh8 29. Bxe4 Qxe2 30. Qxc6 Qxe3+ 31. Kh1 Qe2 32. Kg1 Qe3+
33. Kh1 Qe2 1/2-1/2

[Event "11. OSEM SH 2017"]
[Site "Büsum"]
[Date "2017.09.14"]
[Round "7.47"]
[White "Hellwege, Werner"]
[Black "Schmieder, Wolfgang Ernst"]
[Result "1-0"]
[WhiteElo "1929"]
[BlackElo "1800"]
[PlyCount "65"]
[EventDate "2017.??.??"]
[WhiteTeam "HSK LTu"]
[BlackTeam "Kasseler SK"]

1. d4 g6 2. c4 Bg7 3. Nc3 b6 4. e4 Bb7 5. Nf3 a5 6. Be3 Nc6 7. Bd3 Nb4 8. Bb1
h5 9. O-O Bh6 10. Qd2 Bxe3 11. Qxe3 Nf6 12. h3 Kf8 13. a3 Na6 14. Qf4 c6 15. e5
Qc7 16. Ne2 Nh7 17. Bxg6 Nf6 18. Bd3 c5 19. d5 Nxd5 20. cxd5 Bxd5 21. Qe3 c4
22. Be4 Bxe4 23. Qxe4 Rc8 24. Rac1 b5 25. Nc3 Nc5 26. Qd5 Qc6 27. Nd4 Qxd5 28.
Nxd5 Nd3 29. Rc2 Rc5 30. Nb6 Nxe5 31. f4 Rc6 32. Nxc6 Nxc6 33. Nxd7+ 1-0

[Event "11. OSEM SH 2017"]
[Site "Büsum"]
[Date "2017.09.14"]
[Round "7.48"]
[White "Bade, Heidrun"]
[Black "Bieberle, Gerhart"]
[Result "0-1"]
[WhiteElo "1815"]
[BlackElo "1927"]
[PlyCount "52"]
[EventDate "2017.??.??"]
[WhiteTeam "USV Potsdam"]
[BlackTeam "PTSVAachen"]

1. e4 c5 2. Nf3 Nc6 3. d4 cxd4 4. Nxd4 e5 5. Nf3 Nf6 6. Bd3 Bc5 7. O-O d6 8. h3
h6 9. Nc3 a6 10. Nd5 Be6 11. c4 O-O 12. Bd2 Kh7 13. Kh1 Rg8 14. Ng5+ hxg5 15.
Bxg5 Rh8 16. Qf3 Nd4 17. Qg3 Bxd5 18. cxd5 Qd7 19. f4 Nh5 20. Qe1 Kg8 21. fxe5
dxe5 22. Rc1 Bd6 23. Qf2 f6 24. Be3 Rf8 25. Bc2 Nxc2 26. Rxc2 g5 0-1

[Event "11. OSEM SH 2017"]
[Site "Büsum"]
[Date "2017.09.14"]
[Round "7.49"]
[White "Pamperin, Gerhard"]
[Black "Neumann, Horst"]
[Result "1/2-1/2"]
[WhiteElo "1927"]
[BlackElo "1809"]
[PlyCount "55"]
[EventDate "2017.??.??"]
[WhiteTeam "SF Schwerin"]
[BlackTeam "SG Güls/Niederfell"]

1. d4 d5 2. Nf3 Nf6 3. e3 Bg4 4. c4 Bxf3 5. Qxf3 c6 6. Nc3 e6 7. Bd3 Be7 8. O-O
Nbd7 9. cxd5 cxd5 10. Qd1 O-O 11. Bd2 a6 12. Rc1 b5 13. a3 Nb6 14. Rc2 Qd7 15.
Qe2 Nc4 16. Rfc1 Rfc8 17. Be1 Ra7 18. Nd1 Rac7 19. f3 Ne8 20. Bf2 Rc6 21. e4
Bg5 22. Ra1 Na5 23. h4 Rxc2 24. Bxc2 Qc7 25. Bd3 Bf4 26. e5 Nb3 27. Rb1 Nd2 28.
Ra1 1/2-1/2

[Event "11. OSEM SH 2017"]
[Site "Büsum"]
[Date "2017.09.14"]
[Round "7.50"]
[White "Fleischer, Matthias"]
[Black "Wagner, Ingolf"]
[Result "1/2-1/2"]
[WhiteElo "1926"]
[BlackElo "1799"]
[PlyCount "50"]
[EventDate "2017.??.??"]
[WhiteTeam "SV Einheit Schwerin"]
[BlackTeam "Gnoiener SV"]

1. d4 g6 2. Nf3 d6 3. c3 Bg7 4. e4 Nc6 5. Bd3 e5 6. Bg5 Nce7 7. Nbd2 f6 8. Be3
Be6 9. d5 Bf7 10. Qb3 f5 11. Qxb7 Rb8 12. Bb5+ Kf8 13. Qa6 fxe4 14. Nxe4 Bxd5
15. Neg5 h6 16. c4 Bf7 17. Nxf7 Kxf7 18. Bxa7 Ra8 19. Qb7 c6 20. Bb6 Rb8 21.
Bxd8 Rxb7 22. Bxe7 Nxe7 23. Ba4 Rxb2 24. Bb3 e4 25. Nd2 Bc3 1/2-1/2

[Event "11. OSEM SH 2017"]
[Site "Büsum"]
[Date "2017.09.14"]
[Round "7.51"]
[White "Gehrmann, Dorit"]
[Black "Prause, Dieter"]
[Result "1-0"]
[WhiteElo "1920"]
[BlackElo "1793"]
[PlyCount "95"]
[EventDate "2017.??.??"]
[WhiteTeam "SV Eutin"]
[BlackTeam "vereinslos"]

1. e4 d5 2. exd5 Qxd5 3. Nc3 Qa5 4. Bc4 Nf6 5. d4 Bf5 6. Nf3 c6 7. Bf4 Nbd7 8.
O-O e6 9. a3 Be7 10. b4 Qd8 11. Ne2 O-O 12. Ng3 Bg4 13. h3 Bxf3 14. Qxf3 Nd5
15. Bb3 b5 16. Ne2 Nxf4 17. Nxf4 Rc8 18. Rfd1 Nf6 19. Qd3 Nd5 20. Nxd5 exd5 21.
c3 Qd6 22. a4 a6 23. Re1 Rfe8 24. Bc2 g6 25. g3 Bf6 26. Kg2 Re6 27. Rxe6 Qxe6
28. axb5 cxb5 29. Bd1 Rc6 30. Bf3 Rc4 31. h4 Qc6 32. Ra3 Qd6 33. Qe3 Rc8 34.
Kf1 Qc6 35. Qf4 Re8 36. Qd2 h5 37. Qa2 Rd8 38. Rxa6 Qxc3 39. Rxf6 Qxd4 40. Rf4
Qe5 41. Qe2 Qd6 42. Qxb5 Rb8 43. Qxd5 Qxd5 44. Bxd5 Rf8 45. b5 Kg7 46. b6 f5
47. b7 Kf6 48. Rc4 1-0

[Event "11. OSEM SH 2017"]
[Site "Büsum"]
[Date "2017.09.14"]
[Round "7.52"]
[White "Bendisch, Jürgen"]
[Black "Nowack, Achim"]
[Result "1/2-1/2"]
[WhiteElo "1903"]
[BlackElo "1705"]
[PlyCount "110"]
[EventDate "2017.??.??"]
[WhiteTeam "SV Hennef"]
[BlackTeam "SK Kaltenkirchen"]

1. d4 Nf6 2. Nf3 d5 3. Bf4 g6 4. h3 Bg7 5. c3 O-O 6. e3 b6 7. Be2 Bf5 8. Nbd2
Qc8 9. Nh4 Bd7 10. Qc2 a5 11. Nhf3 Bf5 12. Bd3 Bxd3 13. Qxd3 Nbd7 14. O-O Re8
15. Rfe1 Qb7 16. Rac1 Nh5 17. Bh2 e5 18. Bxe5 Nxe5 19. Nxe5 Bxe5 20. dxe5 Rxe5
21. c4 Rae8 22. Nf3 dxc4 23. Qxc4 R5e7 24. Red1 c5 25. Rd3 Re4 26. Qb5 Nf6 27.
a3 h6 28. Rxc5 R4e6 29. Rc1 Rc8 30. Rcd1 Rc5 31. Qb3 Kg7 32. Rc3 Rxc3 33. Qxc3
Qe4 34. Qd3 Qxd3 35. Rxd3 Rc6 36. Nd4 Rc1+ 37. Kh2 Rf1 38. f3 h5 39. Rb3 Nd7
40. Rc3 Kf6 41. Rc2 Ke7 42. h4 Rb1 43. Kg3 Nc5 44. b4 axb4 45. axb4 Na6 46. b5
Nc5 47. Ra2 Kf6 48. Ra8 Rb4 49. Rb8 Na4 50. Rb7 Rb2 51. Rc7 Rb4 52. Rc6+ Kg7
53. f4 f5 54. Kf3 Rb2 55. Rc2 Rb4 1/2-1/2

[Event "11. OSEM SH 2017"]
[Site "Büsum"]
[Date "2017.09.14"]
[Round "7.53"]
[White "Lachat, Martin"]
[Black "Aigner, Georg"]
[Result "0-1"]
[WhiteElo "1636"]
[BlackElo "1898"]
[PlyCount "44"]
[EventDate "2017.??.??"]
[WhiteTeam "ASK Réti Zürich"]
[BlackTeam "SC Taufkirchen"]

1. c4 e5 2. Nc3 Nf6 3. Nf3 d6 4. g3 Be6 5. b3 Nc6 6. Bg2 Qd7 7. O-O Bh3 8. d4
Bxg2 9. Kxg2 exd4 10. Nxd4 Be7 11. Nxc6 Qxc6+ 12. Kg1 O-O-O 13. Bb2 d5 14. Nb5
Kb8 15. Nd4 Qd7 16. cxd5 Qxd5 17. Qc2 c6 18. Rfd1 Qh5 19. Qf5 Rxd4 20. Qxh5
Rxd1+ 21. Rxd1 Nxh5 22. Rd7 Re8 0-1

[Event "11. OSEM SH 2017"]
[Site "Büsum"]
[Date "2017.09.14"]
[Round "7.54"]
[White "Harke, Horst"]
[Black "Mentink, Toon"]
[Result "0-1"]
[WhiteElo "1810"]
[BlackElo "1946"]
[PlyCount "106"]
[EventDate "2017.??.??"]
[WhiteTeam "SK Varel"]
[BlackTeam "Stukkenjagers"]

1. d4 Nf6 2. c4 c5 3. d5 g6 4. Nc3 Bg7 5. e4 d6 6. Be2 O-O 7. Nf3 a6 8. O-O
Nbd7 9. Ne1 Rb8 10. f3 Ne8 11. Nd3 b5 12. cxb5 axb5 13. a3 b4 14. axb4 cxb4 15.
Na4 b3 16. Bd2 Ba6 17. Nc1 Bxe2 18. Nxe2 Qc7 19. Nac3 Nc5 20. Be3 Qb7 21. Bd4
Nf6 22. g3 Rfc8 23. Kg2 h5 24. e5 dxe5 25. Bxe5 Ra8 26. Rxa8 Rxa8 27. Qd4 Ncd7
28. f4 e6 29. Rd1 Nxe5 30. fxe5 Ng4 31. Qe4 Qa7 32. Nd4 exd5 33. Nxd5 Rd8 34.
h3 Rxd5 35. hxg4 Rxe5 36. Qf3 hxg4 37. Qxg4 Qb7+ 38. Qf3 Qxf3+ 39. Kxf3 Rd5 40.
Ke4 Rd7 41. g4 f5+ 42. gxf5 gxf5+ 43. Ke3 f4+ 44. Ke4 f3 45. Rf1 Rxd4+ 46. Ke3
Rh4 47. Kxf3 Rh2 48. Ke4 Rxb2 49. Kd3 Rg2 50. Kc4 b2 51. Kb3 Rg3+ 52. Ka2 Rg6
53. Kb3 Ra6 0-1

[Event "11. OSEM SH 2017"]
[Site "Büsum"]
[Date "2017.09.14"]
[Round "7.55"]
[White "Bordasch, Christian"]
[Black "Meul, Willi"]
[Result "0-1"]
[WhiteElo "1805"]
[BlackElo "1938"]
[PlyCount "102"]
[EventDate "2017.??.??"]
[WhiteTeam "SK Norderstedt"]
[BlackTeam "SV Hürth-Berrenrath"]

1. d4 d5 2. c4 e6 3. Nc3 Nf6 4. Bg5 Be7 5. Nf3 Nbd7 6. e3 h6 7. Bh4 b6 8. Rc1
Bb7 9. Be2 O-O 10. cxd5 exd5 11. O-O a6 12. h3 Ne4 13. Bxe7 Qxe7 14. Nh2 Ndf6
15. Ng4 Nxg4 16. Bxg4 f5 17. Bf3 Kh7 18. Ne2 c5 19. b3 Rac8 20. Nf4 g5 21. Nd3
c4 22. Ne5 b5 23. Bxe4 fxe4 24. Qh5 Qe8 25. Qxe8 Rfxe8 26. Nd7 Rc6 27. Ne5 Rc7
28. b4 Bc8 29. a3 Bf5 30. Rc2 Kg7 31. Kh2 h5 32. Rfc1 a5 33. Rc3 axb4 34. axb4
Ra8 35. Rb1 Bd7 36. Kg1 Be8 37. Kf1 Rca7 38. Rb2 Ra1+ 39. Ke2 h4 40. f3 Rg1 41.
Kf2 Raa1 42. Rcc2 exf3 43. Kxf3 Bh5+ 44. Ng4 Bg6 45. Rf2 Be4+ 46. Ke2 Rxg2 47.
Rxg2 Bxg2 48. Nf2 Ra3 49. e4 dxe4 50. d5 Bf3+ 51. Ke1 e3 0-1